Litzmannstadt Getto
| Titel: | Litzmannstadt Getto : ślady = Litzmannstadt Getto : traces / teksty: Joanna Podolska, Adam Sitarek ; tłumaczenie Dorota Dekiert, Paweł Madej |
|---|---|
| Verfasser: | ; |
| Beteiligt: | ; |
| Veröffentlicht: | Łódź : Centrum Dialogu im. Marka Edelmana, 2016 |
| Umfang: | 130 Seiten, 13 ungezählte Seiten : Illustrationen ; 21 cm |
| Format: | Buch |
| Sprache: | Polnisch; Englisch |
| Schriftenreihe/ mehrbändiges Werk: |
Biblioteka Centrum Dialogu Seria: Park Ocalałych |
| Einheitssachtitel: | Litzmannstadt Getto |
| ISBN: | 9788363182328 ; 836318232X |
| Hinweise zum Inhalt: |
Inhaltsverzeichnis
|
alg: 42417407 001A $06000:21-12-17 001B $01999:01-10-22 $t18:43:54.000 001C $06000:21-12-17 $t18:55:25.000 001D $06000:21-12-17 001U $0utf8 001X $00 002@ $0Aax 002C $aText $btxt $2rdacontent 002D $aohne Hilfsmittel zu benutzen $bn $2rdamedia 002E $aBand $bnc $2rdacarrier 003@ $0424174073 004A $A978-83-63182-32-8 $fBroschur 004A $083-63182-32-X 006C $0ocn979134107 $aOCoLC 006C $0979134107 $aOCoLC 006G $01143049098 006H $0TOCNEUA1751 $2DNB 006U $019,A32 $f20171101 007A $01143049098 $aDNB 009P $qapplication/pdf $A2 $3Inhaltsverzeichnis $uhttp://scans.hebis.de/HEBCGI/show.pl?42417407_toc.pdf $mV:DE-604 010@ $apol $aeng $cpol 010E $erda 011@ $a2016 $n2016 017A $asf 021A $aLitzmannstadt Getto $dślady $fLitzmannstadt Getto $ftraces $hteksty: Joanna Podolska, Adam Sitarek ; tłumaczenie Dorota Dekiert, Paweł Madej 022A $aLitzmannstadt Getto 028A $BVerfasser $#Podolska, Joana $#Podolska, Johanna $#Podolsa-Płocka, Joanna Małgorzata $4aut $7136415598 $8Podolska, Joanna$Z1964- [Tp3] $9205549063 028C $BVerfasser $4aut $71102966347 $8Sitarek, Adam$Z1985- [Tp3] $9381418715 028C $BTł. $#Laskowska, Dorota $D20220215 $Ecgwrk $7133710580 $8Dekiert, Dorota$Z1974- [Tp3] $9193845261 028C $aMadej $BTł. $dPaweł $l(tłumacz) 033A $pŁódź $nCentrum Dialogu im. Marka Edelmana 034D $a130 Seiten, 13 ungezählte Seiten 034I $a21 cm 034M $aIllustrationen 036G $aBiblioteka Centrum Dialogu 036G/01 $aSeria: Park Ocalałych 037A $aAuf der Umschlagrückseite: 75 rocznica deportacji Żydów Zachodnich do Litzmannstadt Getto 044K $qDNB $RJudenviertel $RJuden $#Jewish ghettos $#Quartiers juifs $#Ghetto $#Ghetto $#Gettos $#Ghettos $#Judenghetto $#Judengetto $#Juden Ghetto $#Juden Getto $74157319-5 $8Getto [Ts1] $908567575X 044K $qDNB $#Lodz $#Lodz $#Litzmannstadt $#Lodsch $74074299-4 $8Łódź [Tg1] $9085209155 045E $c940 045R $aGeschichte lok: 42417407 78 exp: 42417407 78 1 #EPN 201B/01 $022-06-18 $t13:23:31.000 201C/01 $022-06-18 201U/01 $0utf8 203@/01 $01023769506 208@/01 $a22-06-18 $be 209A/01 $a/ $f000 $x00 209A/01 $ab*p $x01 220C/01 $apgar 244Z/01 $#Generalgouvernement Polen $#Polska $#Rzeczpospolita Polska $#Polska Rzeczpospolita Ludowa $#Poland $#Pologne $#République Polonaise $#Generalne Gubernatorstwo w Polsce $#Polish People's Republic $#Polska Rzeczpospolita Polen $#PRL $#RP $#Polen Generalgouvernement $#Polska Generalgouvernement $#Besetzte Polnische Gebiete $#Besetztes Gebiet in Polen $#Okupowane Polskie Obszary $#Obszary Okupowane w Polsce $#Volksrepublik Polen $#Polska Rosyjska $#Republic Polen $#Respublika Pol'ša $#Pol'skaja Narodnaja Respublika $#République de Pologne $#Polen Links der Weichsel $#Polska po Lewej Stronie Wisły $#Lenkija $#Polija $#Gubernija Carstva Pol'skago $#Republik Polen $74046496-9 $8--Tg1--Polen $x01 $9085129801 247C/01 $82080>Marburg/Lahn, Herder-Institut, Forschungsbibliothek, Bibliographieportal $9336309341
| LEADER | 00000cam a22000002c 4500 | ||
|---|---|---|---|
| 001 | 424174073 | ||
| 003 | DE-603 | ||
| 005 | 20221001184354.0 | ||
| 007 | tu | ||
| 008 | 171221s2016 xx |||| | u00||u|pol | ||
| 015 | |a 19,A32 |2 dnb | ||
| 016 | 7 | |2 DE-101 |a 1143049098 | |
| 020 | |a 9788363182328 |c Broschur | ||
| 020 | |a 836318232X | ||
| 035 | |a (DE-599)DNB1143049098 | ||
| 040 | |a DE-603 |b ger |c DE-603 |d DE-603 |e rda | ||
| 041 | |a pol |a eng |h pol | ||
| 084 | |a 940 |q DE-101 |2 sdnb | ||
| 090 | |a b | ||
| 100 | 1 | |a Podolska, Joanna |d 1964- |e Verfasser |4 aut |0 (DE-603)205549063 |0 (DE-588)136415598 |2 gnd | |
| 240 | 1 | 0 | |a Litzmannstadt Getto |
| 245 | 0 | 0 | |a Litzmannstadt Getto |b ślady = Litzmannstadt Getto : traces |c teksty: Joanna Podolska, Adam Sitarek ; tłumaczenie Dorota Dekiert, Paweł Madej |
| 264 | 1 | |a Łódź |b Centrum Dialogu im. Marka Edelmana |c 2016 | |
| 300 | |a 130 Seiten, 13 ungezählte Seiten |b Illustrationen |c 21 cm | ||
| 336 | |a Text |b txt |2 rdacontent | ||
| 337 | |a ohne Hilfsmittel zu benutzen |b n |2 rdamedia | ||
| 338 | |a Band |b nc |2 rdacarrier | ||
| 490 | 0 | |a Biblioteka Centrum Dialogu | |
| 490 | 0 | |a Seria: Park Ocalałych | |
| 500 | |a Auf der Umschlagrückseite: 75 rocznica deportacji Żydów Zachodnich do Litzmannstadt Getto | ||
| 648 | 7 | |a Geschichte |2 gnd | |
| 650 | 7 | |a Getto |0 (DE-588)4157319-5 |0 (DE-603)08567575X |2 gnd | |
| 651 | 7 | |a Łódź |0 (DE-588)4074299-4 |0 (DE-603)085209155 |2 gnd | |
| 700 | 1 | |a Sitarek, Adam |d 1985- |e Verfasser |4 aut |0 (DE-603)381418715 |0 (DE-588)1102966347 |2 gnd | |
| 700 | 1 | |a Dekiert, Dorota |d 1974- |e Tł. |4 oth |0 (DE-603)193845261 |0 (DE-588)133710580 |2 gnd | |
| 700 | 1 | |a Madej, Paweł |c (tłumacz) |e Tł. |4 oth | |
| 856 | 4 | 2 | |m V:DE-604 |q application/pdf |u http://scans.hebis.de/HEBCGI/show.pl?42417407_toc.pdf |3 Inhaltsverzeichnis |
| 924 | 0 | |9 2080 |a (DE-603)1023769506 |b DE-2080 |c HES |d d |g / | |


